| 000 | 00795nam a22002055i 4500 | ||
|---|---|---|---|
| 001 | 156842 | ||
| 003 | ES-MaACL | ||
| 005 | 20251110063231.0 | ||
| 008 | 970510s1860 fr |||| | fre d | ||
| 040 |
_aAR _bspa _cAR |
||
| 100 | 1 |
_aLacordaire, Henri-Dominique, _d1802-1861 _9128564 |
|
| 245 | 1 | 0 |
_aVie de Saint Dominique _b: précédée du ; Mémoire pour le rétablissement en France de l'ordre des frères prêcheurs / _cpar le R.P. Henri-Dominique Lacordaire. |
| 250 | _a6e édition. | ||
| 260 |
_aParis : _bPoussielgue-Rusand, _c1860 ( _eTours : _fImprimerie Mame) |
||
| 300 |
_a444 p. ; _c19 cm. |
||
| 596 | _aFecha de imp. en cub.: 1861. | ||
| 600 | 1 | 4 |
_aDomingo Savio _cSanto . _9158778 |
| 852 |
_aES-MaACL _jG-10523 _z-- Enc. hol. deteriorada |
||
| 999 |
_c156842 _d156842 |
||